000 00423nam a2200181Ia 4500
001 19522
005 20260306172659.0
008 260306t2013||||xx |||||||||||||| ||spa||
041 _aESP
082 _a340.1
_bR81
100 _aRomano, Santi
_eAUT
245 0 _aEl ordenamiento jurídico
260 _c2013
300 _avarias paginaciones :
_c21 cm.
650 _aGEN
654 _aCDE
942 _cLIB
_dJUS
_fJUS
_2ddc
_n
999 _c19522
_d19522